|
|
|
|
| LEADER |
00000nab a2200000 a 4500 |
| 001 |
vtls000928876 |
| 003 |
SK-MaSNL |
| 005 |
20260303033044.0 |
| 008 |
040720e20020517xo 0 slo |
| 035 |
|
|
|a KE37753
|
| 040 |
|
|
|a KEVKJB
|b slo
|c KEVKJB
|e AACR2
|
| 041 |
0 |
|
|a slo
|
| 044 |
|
|
|a xo
|c SK
|
| 080 |
|
|
|a 75
|2 1981
|
| 245 |
0 |
0 |
|a Krajinu okolo nádrže Bukovec zvečňujú výtvarní umelci
|
| 300 |
|
|
|b Obr.
|
| 650 |
0 |
7 |
|a maliarstvo
|2 KEVKJB
|9 812
|
| 650 |
0 |
7 |
|a medzinárodné plenéry
|2 KEVKJB
|9 883750
|
| 651 |
|
7 |
|a Bukovec (Košice-okolie, Slovensko)
|2 KEVKJB
|9 114820
|
| 651 |
|
7 |
|a Košice-okolie (Slovensko : okres)
|2 KEVKJB
|9 146743
|
| 773 |
0 |
|
|t Košický denník Korzár
|g Roč. 5, č. 113 (17.5.2002), s. 3
|x 1335-4566
|
| 852 |
|
|
|a ZVYKNI
|b KIS3GCP
|
| 999 |
|
|
|c 1668430
|d 1670360
|